Loading...
History - American History | 0 | 7 | 0 | 1 | 70 | 61 | 110.57 | 1 | 3 |
History - World History | 0 | 5 | 0 | 2 | 50 | 66 | 113.20 | 1 | 1 |
Fine Arts - Other Fine Arts | 0 | 4 | 0 | 0 | 40 | 81 | 99.50 | 0 | 1 |
Other Academic | 0 | 3 | 0 | 0 | 30 | 70 | 102.67 | 0 | 2 |
Religion | 0 | 3 | 0 | 1 | 30 | 70 | 106.33 | 0 | 2 |
Fine Arts - Painting & Sculpture | 0 | 3 | 0 | 2 | 30 | 137 | 146.33 | 0 | 0 |
History - European History | 0 | 3 | 1 | 0 | 25 | 120 | 132.00 | 0 | 0 |
Literature - British Literature | 0 | 2 | 0 | 1 | 20 | 129 | 141.50 | 0 | 0 |
Literature - World Literature | 0 | 2 | 0 | 0 | 20 | 76 | 86.00 | 0 | 1 |
Social Science | 0 | 1 | 1 | 1 | 5 | 130 | 130.00 | 0 | 0 |
History - Other History | 0 | 1 | 1 | 1 | 5 | 148 | 148.00 | 0 | 0 |
Philosophy | 0 | 0 | 1 | 0 | -5 | 0.00 | 0 | 0 | |
Literature - American Literature | 0 | 0 | 1 | 0 | -5 | 0.00 | 0 | 0 |